| 000 | 00458nam a22001817a 4500 | ||
|---|---|---|---|
| 003 | DO-SdBNP | ||
| 005 | 20221027143233.0 | ||
| 007 | ta | ||
| 008 | 221027b2018 dr a|||| |||| 00| 0 spa d | ||
| 040 |
_aDO-SdBNP _bspa _cBNPHU |
||
| 082 | 4 | _222 | |
| 245 | 0 | 0 | _aManual de prácticas anatomía humana |
| 260 |
_aSanto Domingo : _bUnibe, _c2018. |
||
| 300 |
_a50 p. : _bil. ; _c28 cm. |
||
| 590 | _aInventariado, 2022/BT | ||
| 910 | _aBtavárez | ||
| 942 |
_2ddc _cLF2 |
||
| 999 |
_c52660 _d52660 |
||